[Event "IECC O email"]
[Site "IECC email"]
[Date "1999.05.25"]
[Round "?"]
[White "Ross, John E"]
[Black "Steen, Tim"]
[Result "1-0"]
[WhiteElo "1201"]
[BlackElo "1248"]
[PlyCount "29"]
[EventDate "1999.??.??"]
[EventType "tourn (corr)"]
[EventRounds "6"]
[SourceTitle "Corr 2008"]
[Source "ChessBase"]
[SourceDate "2008.06.24"]
[SourceVersion "1"]
[SourceVersionDate "2008.06.24"]
[SourceQuality "1"]

1. d4 d5 2. Nf3 Nf6 3. c4 dxc4 4. Nc3 e6 5. e4 Bb4 6. Bg5 Bxc3+ 7. bxc3 0-0 8. e5 h6 9. Bh4 g5 10. Nxg5 Nd5 11. Qh5 hxg5 12. Bxg5 f6 13. Bh6 fxe5 14. Qg6+ Kh8 15. Qg7# 1-0

[Event "IECC M email"]
[Site "IECC email"]
[Date "1998.05.09"]
[Round "?"]
[White "Hardt, David"]
[Black "Steen, Tim"]
[Result "1-0"]
[WhiteElo "1200"]
[BlackElo "1350"]
[PlyCount "39"]
[EventDate "1998.??.??"]
[EventType "tourn (corr)"]
[EventRounds "12"]
[SourceTitle "Corr 2008"]
[Source "ChessBase"]
[SourceDate "2008.06.24"]
[SourceVersion "1"]
[SourceVersionDate "2008.06.24"]
[SourceQuality "1"]

1. e4 e5 2. Nf3 Nf6 3. Nxe5 Bc5 4. d4 Bb4+ 5. c3 Bd6 6. Nxf7 Kxf7 7. Bc4+ Ke8 8. e5 Bxe5 9. dxe5 Qe7 10. f4 d6 11. 0-0 dxe5 12. fxe5 Ne4 13. Bf7+ Kf8 14. Bd5+ Ke8 15. Bxe4 Qxe5 16. Re1 Rf8 17. Bg6+ hxg6 18. Rxe5+ Kf7 19. Qd5+ Kf6 20. Bg5# 1-0